书目信息 |
| 题名: |
中国总经理工作手册
|
|
| 作者: | 刘伟 , 刘国宁 主笔 ;中国总经理工作手册编委会 编 | |
| 分册: | 法律手册 | |
| 出版信息: | 北京 中国言实出版社 2003.01 |
|
| 页数: | 384页 | |
| 开本: | 24cm | |
| 丛书名: | 董事长/总裁/总经理案头必备丛书 | |
| 单 册: | ||
| 中图分类: | F270-62 | |
| 科图分类: | ||
| 主题词: | 企业管理--手册 | |
| 电子资源: | ||
| ISBN: | 7-80128-420-8 | |
| 000 | 00943nam2 2200277 45 | |
| 001 | 012004000000 | |
| 005 | 20050112152709.52 | |
| 010 | @a7-80128-420-8@dCNY 49.00 | |
| 100 | @a20040627d2003 em y0chiy0121 ea | |
| 101 | 0 | @achi |
| 102 | @aCN@b110000 | |
| 105 | @ay z 000yy | |
| 200 | 1 | @a中国总经理工作手册@Azhong guo zong jing li gong zuo shou ce@i法律手册@f刘伟, 刘国宁主笔@g中国总经理工作手册编委会编 |
| 210 | @a北京@c中国言实出版社@d2003.01 | |
| 215 | @a384页@d24cm | |
| 225 | 2 | @a董事长/总裁/总经理案头必备丛书 |
| 300 | @a与最新颁布的法律法规同步 随用随查 | |
| 410 | 0 | @12001 @a董事长/总裁/总经理案头必备丛书 |
| 517 | 1 | @a法律手册 |
| 606 | 0 | @a企业管理@j手册 |
| 690 | @aF270-62@v4 | |
| 701 | 0 | @a刘伟@Aliu wei@4主笔 |
| 701 | 0 | @a刘国宁@Aliu guo ning@4主笔 |
| 712 | 02 | @a中国总经理工作手册编委会@Azhong guo zong jing li gong zuo shou ce bian wei hui@4编 |
| 801 | 0 | @aCN@bQSSKw@c20050112 |
| 905 | @a10447@dF270-62@eL683 | |
| 中国总经理工作手册.法律手册/刘伟, 刘国宁主笔/中国总经理工作手册编委会编.-北京:中国言实出版社,2003.01 |
| 384页;24cm.-(董事长/总裁/总经理案头必备丛书) |
| 与最新颁布的法律法规同步 随用随查 |
| ISBN 7-80128-420-8:CNY 49.00 |
| ● |
| 相关链接 |
|
|
|
正题名:中国总经理工作手册
索取号:F270-62/L683
 
预约/预借
| 序号 | 登录号 | 条形码 | 馆藏地/架位号 | 状态 | 备注 |
| 1 | 436670 | 204366701 | 社科库409/409社科库 86排2列3层/ [索取号:F270-62/L683] | 在馆 | |
| 2 | 436671 | 204366710 | 社科库409/409社科库 86排2列3层/ [索取号:F270-62/L683] | 在馆 |